Herramientas, máquinas, trabajo. Con ejemplos y ejercicios. Fresado, taladrado, cepillado, mortajado, brochado, esmerilado

Enregistré dans:
Détails bibliographiques
Auteur principal: Bartsch, Walter (Auteur)
Format: Livre
Langue:espagnol
Publié: Barcelona, España. Reverté, 1971
Collection:Publicaciones Científicas y de Tecnología Aplicada
Sujets:
Accès en ligne:Disponible Online - Cap. 1
Tags: Ajouter un tag
Pas de tags, Soyez le premier à ajouter un tag!

MARC

LEADER 00000nam a2200000 a 4500
001 UCP1780
003 CL-VaPUC
005 20250228102921.0
008 990426e19710000SP |||||||||||||||||spa|d
999 |c 280418  |d 280416 
040 |c Pontificia Universidad Católica de Valparaíso 
082 0 4 |a 621.9 BAR 1971   |2 21 
100 0 |a Bartsch, Walter  |e author  |9 428021 
245 1 0 |a Herramientas, máquinas, trabajo.  |b Con ejemplos y ejercicios. Fresado, taladrado, cepillado, mortajado, brochado, esmerilado 
260 |a Barcelona, España.  |b Reverté,   |c 1971 
300 |a 239 páginas 
490 0 |a Publicaciones Científicas y de Tecnología Aplicada 
583 |a last modification  |c 19990426 00:00:00  |k Rodrigo Vera 
650 0 |a Máquinas herramientas  |9 262583 
650 0 |a Virutas  |9 428022 
650 0 |a Resistencia de materiales  |9 260095 
650 7 |a ESFUERZOS DE CORTE  |2 CL-VaPUC  |9 428023 
650 7 |a FRESADO  |2 CL-VaPUC  |9 428024 
650 7 |a MAQUINAS FRESADORAS  |2 CL-VaPUC  |9 428025 
650 7 |a MAQUINAS TALADRADORAS  |2 CL-VaPUC  |9 428026 
650 7 |a CEPILLADORAS  |2 CL-VaPUC  |9 271864 
650 7 |a MORTAJADORAS  |2 CL-VaPUC  |9 428027 
650 7 |a MAQUINAS DE BROCHAR  |2 CL-VaPUC  |9 428028 
650 7 |a MANTENCION Y REPARACION  |2 CL-VaPUC  |9 428029 
856 |u http://bibliografiadigital.pucv.cl.pucv.idm.oclc.org/index.php/bibliotecapucv/catalog/book/744  |y Disponible Online - Cap. 1 
942 |c BK  |2 ddc 
945 |d 19990426 00:00:00  |a cmena 
952 |0 0  |1 0  |2 ddc  |4 0  |6 621_900000000000000_BAR_1971  |7 0  |8 A  |9 320710  |a BIBMEC  |b BIBMEC  |d 2019-11-20  |i 1342193  |o 621.9 BAR 1971  |p 1342193  |r 2024-01-19  |w 2019-11-20  |y BK_P  |k MEC